[Event "BCC Annual Championship"]
[Site "?"]
[Date "2008.11.14"]
[Round "4.13"]
[White "Magganas, Alexander"]
[Black "Van Gorder, Neil"]
[Result "1-0"]
[WhiteElo "1078"]
[BlackElo "1524"]
[PlyCount "85"]
[EventDate "2008.??.??"]
[SourceDate "2007.10.22"]

1. d4 d5 2. Nf3 Nf6 3. e3 Bg4 4. c4 c6 5. Nc3 e6 6. h3 Bxf3 7. Qxf3 Nbd7 8. Bd2
Be7 9. Bd3 Rc8 10. b3 e5 11. Bc2 e4 12. Qe2 c5 13. cxd5 Nb6 14. Qb5+ Qd7 15.
Qxd7+ Kxd7 16. Nxe4 Nxe4 17. Bxe4 cxd4 18. Bf5+ Kd6 19. Bxc8 Rxc8 20. exd4 Kxd5
21. Be3 Rc2 22. O-O Ba3 23. Rfd1 Nd7 24. Bc1 Bb4 25. Be3 Ba3 26. Kh2 Nf6 27. f3
Re2 28. Re1 Rc2 29. Bg1 Bb2 30. Re5+ Kd6 31. Rd1 Bc3 32. Rc5 b6 33. Rc4 Nd5 34.
Ra4 a5 35. Rc4 Nf4 36. Kh1 Nxg2 37. Bh2+ Kd5 38. Rg1 Ne3 39. Rg5+ Ke6 40. Rc6+
Kd7 41. Rc7+ Ke6 42. Re5+ Kf6 43. Rc6# 1-0

[Event "BCC Adolf Anderssen Friday Night Marath"]
[Site "Berkeley"]
[Date "2009.02.13"]
[Round "6"]
[White "Magganas, Alexander"]
[Black "Yan, Jimmy"]
[Result "0-1"]
[WhiteElo "1129"]
[BlackElo "1172"]
[PlyCount "56"]
[EventDate "2009.??.??"]
[SourceDate "2007.10.22"]

1. d4 d5 2. Nf3 Nc6 3. e3 Nf6 4. c4 e6 5. Nc3 Bb4 6. Bd2 O-O 7. Bd3 b6 8. a3
Bd6 9. O-O Rb8 10. Nb5 Be7 11. cxd5 exd5 12. Rc1 Qd7 13. Ne5 Nxe5 14. Rxc7 Nxd3
15. Rxd7 Bxd7 16. Qb3 Ne4 17. Qxd3 Nxd2 18. Qxd2 Bxb5 19. Rc1 Rbc8 20. h3 h6
21. Qd1 Rfe8 22. Kh2 Bd6+ 23. g3 g6 24. Kg2 Kg7 25. Rxc8 Rxc8 26. Qf3 a5 27.
Kh2 Rc1 28. Qxd5 Bc6 0-1

[Event "BCC Annual Championship"]
[Site "?"]
[Date "2008.10.24"]
[Round "1.10"]
[White "Magganas, Aristotle"]
[Black "Zeng, Kairui"]
[Result "1-0"]
[WhiteElo "1018"]
[BlackElo "1007"]
[PlyCount "71"]
[EventDate "2008.??.??"]
[SourceDate "2007.10.22"]

1. d4 d5 2. c4 e6 3. Nc3 Bb4 4. Nf3 Nc6 5. Qc2 Nge7 6. e3 b6 7. cxd5 Nxd5 8.
Bb5 Bb7 9. Qa4 Qd7 10. Ne5 Nxc3 11. Qxb4 Nxb4 12. Bxd7+ Ke7 13. bxc3 Nc2+ 14.
Kd2 Nxa1 15. Ba3+ Kd8 16. Rxa1 f6 17. Nf7+ Kxd7 18. Nxh8 Rxh8 19. Kd3 Bxg2 20.
Rg1 Bd5 21. Rxg7+ Kc8 22. c4 Bc6 23. Be7 f5 24. Bf6 h5 25. Be5 Be4+ 26. Ke2 Bb1
27. Rxc7+ Kd8 28. Rxa7 Rg8 29. Ra8+ Ke7 30. Rxg8 Bxa2 31. Rg7+ Kf8 32. Rb7
Bxc4+ 33. Kd2 Bd5 34. Rxb6 Ke7 35. Ra6 Bb7 36. Ra7 1-0

[Event "Berkeley CC FNM; 30/90, SD/30"]
[Site "Berkeley"]
[Date "2009.05.22"]
[Round "4.11"]
[White "Magganas, Aristotle"]
[Black "Zhang, Jeffrey"]
[Result "1-0"]
[WhiteElo "1273"]
[BlackElo "1385"]
[PlyCount "101"]
[EventDate "2009.??.??"]
[SourceDate "2007.10.22"]

1. e4 e6 2. d4 d5 3. Nd2 dxe4 4. Nxe4 Nd7 5. Nf3 Ngf6 6. Bd3 Be7 7. Bg5 O-O 8.
Nxf6+ Nxf6 9. Qe2 b6 10. Bxf6 Bxf6 11. Qe4 g6 12. Qxa8 Bxd4 13. Qe4 Bxb2 14.
Rb1 Bc3+ 15. Ke2 Re8 16. h4 f5 17. Qe3 e5 18. Bc4+ Be6 19. Bxe6+ Rxe6 20. Qxc3
Re8 21. Rhd1 Qe7 22. Qb4 e4 23. Qxe7 exf3+ 24. Kxf3 Rxe7 25. Rd8+ Kf7 26. Rbd1
Ke6 27. Re1+ Kf6 28. Rxe7 Kxe7 29. Rh8 h5 30. Rg8 Kf7 31. Ra8 a5 32. Rc8 c5 33.
Rb8 g5 34. hxg5 Kg6 35. Rxb6+ Kxg5 36. Ra6 f4 37. Rxa5 Kh4 38. g3+ fxg3 39.
fxg3+ Kg5 40. Rxc5+ Kg6 41. a4 Kf6 42. a5 Ke6 43. a6 Kd6 44. Ra5 Kc7 45. a7 Kb7
46. a8=Q+ Kb6 47. Qa6+ Kc7 48. Rxh5 Kb8 49. Rh8+ Kc7 50. Rh7+ Kb8 51. Qb7# 1-0

[Event "Shorman Sunday Night Marathon"]
[Site "?"]
[Date "2008.01.06"]
[Round "3"]
[White "Mann, Steven"]
[Black "Landrum, Brett"]
[Result "0-1"]
[WhiteElo "1457"]
[BlackElo "1408"]
[Annotator ",Elizabeth"]
[PlyCount "97"]
[EventDate "2008.??.??"]
[SourceDate "2007.10.22"]

1. d4 d5 2. c4 dxc4 3. Nf3 Bg4 4. Ne5 Be6 5. Nc3 a6 6. d5 Bf5 7. e4 Bd7 8. Bxc4
g6 9. d6 e6 10. Nxd7 Qxd7 11. dxc7 Qxc7 12. Qd4 e5 13. Qd3 Bb4 14. O-O Ne7 15.
f4 Nd7 16. Bxf7+ Kxf7 17. fxe5+ Ke8 18. e6 Qb6+ 19. Be3 Qxe6 20. Bd4 Ne5 21.
Qg3 N7c6 22. Nd5 Bd6 23. Nf6+ Kd8 24. Bb6+ Kc8 25. Rad1 Nc4 26. Qc3 Nxb6 27.
Nd5 Nxd5 28. Qxh8+ Nd8 29. exd5 Qd7 30. Qc3+ Kb8 31. Kh1 Qc7 32. Qxc7+ Kxc7 33.
Rc1+ Kd7 34. g3 Rc8 35. Rxc8 Kxc8 36. Kg2 Be5 37. b3 Bg7 38. Kf3 Kd7 39. Ke4
Kd6 40. Rf3 Ke7 41. h3 Nf7 42. Kd3 Ne5+ 43. Ke4 Nxf3 44. Kxf3 Kd6 45. Ke4 h5
46. Kf4 Bf6 47. Ke4 Be5 48. g4 hxg4 49. hxg4 {(white resigns)} 0-1

[Event "Paul Morphy Sunday Night Marathon"]
[Site "?"]
[Date "2008.05.18"]
[Round "1.4"]
[White "Mann, Steven David"]
[Black "Sherwood, Peter"]
[Result "0-1"]
[WhiteElo "1364"]
[BlackElo "1722"]
[PlyCount "66"]
[EventDate "2008.05.18"]
[SourceDate "2007.10.22"]

1. e4 c5 2. Nf3 d6 3. d4 cxd4 4. Nxd4 Nf6 5. Nc3 a6 6. Bg5 e6 7. f4 Be7 8. Bc4
Qc7 9. Qe2 O-O 10. e5 dxe5 11. fxe5 Ne8 12. Bxe7 Qxe7 13. Nb3 Nc6 14. Bd3 Qg5
15. Qe4 Qxe5 16. O-O Qxe4 17. Bxe4 Nf6 18. Bxc6 bxc6 19. Rad1 Nd5 20. Nxd5 cxd5
21. Rd4 Bb7 22. Rdf4 Rac8 23. c3 e5 24. Rb4 Ba8 25. Rb6 Rc6 26. Rb4 f6 27. Rd1
Rc7 28. Rb6 Rc6 29. Rxc6 Bxc6 30. Nc5 a5 31. Ne6 Rc8 32. Kf2 Ba8 33. Ke3 Kf7
0-1

[Event "Shorman Sunday Night Marathon"]
[Site "?"]
[Date "2008.01.20"]
[Round "5"]
[White "Mann, Steven"]
[Black "Starr, Albert"]
[Result "0-1"]
[WhiteElo "1457"]
[BlackElo "1557"]
[PlyCount "58"]
[EventDate "2008.??.??"]
[SourceDate "2007.10.22"]

1. d4 e6 2. c4 c5 3. Nf3 a6 4. Nc3 cxd4 5. Nxd4 Bc5 6. Bf4 d6 7. Nb3 Qf6 8. e3
Bb4 9. Rc1 e5 10. Bg3 Bf5 11. Be2 Ne7 12. O-O O-O 13. a3 Bxc3 14. Rxc3 Nbc6 15.
Bg4 Bxg4 16. Qxg4 Qg6 17. Qxg6 Nxg6 18. Rd1 Rad8 19. Rcd3 f5 20. h3 Rf6 21. c5
f4 22. exf4 exf4 23. Bh2 Re8 24. Rxd6 Rfe6 25. Kf1 Re4 26. Rd7 Nge5 27. Rxb7
Nd3 28. g3 f3 29. Rxd3 Re1# 0-1

[Event "George Koltanowski Sunday Marathon"]
[Site "?"]
[Date "2007.10.21"]
[Round "1"]
[White "Mann, Steven"]
[Black "Watson, Farid"]
[Result "0-1"]
[WhiteElo "1454"]
[BlackElo "1954"]
[PlyCount "48"]
[EventDate "2007.10.28"]
[SourceDate "2007.10.22"]

1. d4 Nf6 2. c4 e6 3. Nc3 Bb4 4. Qb3 c5 5. dxc5 Na6 6. Bd2 O-O 7. O-O-O Bxc3 8.
Bxc3 Nxc5 9. Qc2 Nfe4 10. e3 b6 11. Bd4 Bb7 12. f3 Nf6 13. b4 Na6 14. a3 Qe7
15. Bd3 e5 16. Bc3 Nc7 17. Nh3 d5 18. Ng5 g6 19. h4 dxc4 20. Bxc4 Ncd5 21. Bd2
Rac8 22. Kb1 b5 23. Bxd5 Rxc2 24. Bxf7+ Rxf7 0-1

[Event "BCC Grand ReOpening 2007"]
[Site "?"]
[Date "2007.10.14"]
[Round "6"]
[White "Marthinsen, Art"]
[Black "Anderson, Michael"]
[Result "1/2-1/2"]
[WhiteElo "1920"]
[BlackElo "1900"]
[PlyCount "28"]
[EventDate "2007.??.??"]
[SourceDate "2007.10.22"]

1. d4 g6 2. Nf3 Bg7 3. e4 d6 4. Be2 Nf6 5. Nc3 a6 6. a4 O-O 7. O-O Nbd7 8. h3
e5 9. dxe5 dxe5 10. Be3 b6 11. Qd2 Bb7 12. Rfd1 Nc5 13. Qxd8 Rfxd8 14. Bxc5
Rxd1+ 1/2-1/2

[Event "George Koltanowski Sunday Marathon"]
[Site "?"]
[Date "2007.10.21"]
[Round "1"]
[White "Marthinsen, Art"]
[Black "Gonda, Thomas"]
[Result "1-0"]
[WhiteElo "1920"]
[BlackElo "1426"]
[PlyCount "82"]
[EventDate "2007.10.28"]
[SourceDate "2007.10.22"]

1. d4 Nf6 2. c4 e6 3. Nc3 Bb4 4. Qc2 O-O 5. Bg5 Nc6 6. e3 d5 7. Nf3 h6 8. Bh4
Re8 9. cxd5 exd5 10. h3 Qd6 11. Bxf6 Qxf6 12. Be2 Bf5 13. Qb3 Rad8 14. a3 Bxc3+
15. Qxc3 Rd6 16. O-O Qe6 17. Kh2 Qe4 18. Rfd1 Rg6 19. g3 Qe6 20. Nh4 Rf6 21.
Nxf5 Rxf5 22. Qe1 Qf6 23. Kg1 Qd6 24. Bf1 Ne7 25. Bg2 Ng6 26. Rac1 c6 27. b4
Re6 28. Rd2 Nf8 29. Qd1 b5 30. Rdc2 Qd7 31. h4 Rg6 32. Bh3 Qe6 33. Rxc6 Rxg3+
34. fxg3 Qxe3+ 35. Kh2 Rf3 36. R6c3 Qf2+ 37. Kh1 Rxg3 38. Rxg3 Qxg3 39. Qg4 Qe3
40. Rg1 g6 41. Bg2 Ne6 {(Black resigned)} 1-0

[Event "BCC Grand ReOpening 2007"]
[Site "?"]
[Date "2007.09.30"]
[Round "4"]
[White "Marthinsen, Art"]
[Black "Krasnov, Steven"]
[Result "1-0"]
[WhiteElo "1920"]
[BlackElo "1960"]
[PlyCount "81"]
[EventDate "2007.??.??"]
[SourceDate "2007.10.22"]

1. d4 Nf6 2. c4 e6 3. Nc3 Bb4 4. Qc2 d5 5. cxd5 exd5 6. Bg5 O-O 7. Nf3 h6 8.
Bxf6 Qxf6 9. a3 Bxc3+ 10. Qxc3 c6 11. e3 Nd7 12. Rc1 Re8 13. Bd3 Re6 14. O-O b6
15. b4 Bb7 16. Rc2 a5 17. Rfc1 g6 18. Qb3 axb4 19. axb4 Qe7 20. h3 Qd6 21. Rb1
Ree8 22. Ra2 Rxa2 23. Qxa2 Ra8 24. Qb2 Ra7 25. Qc2 Kg7 26. Qc3 Kg8 27. Nd2 c5
28. bxc5 Qc7 29. Rc1 bxc5 30. dxc5 Bc6 31. Nf3 Ra5 32. Nd4 Rxc5 33. Qxc5 Nxc5
34. Rxc5 Qa7 35. Rxc6 Qa3 36. Be2 Qa1+ 37. Bf1 Qa2 38. g3 Kg7 39. Be2 h5 40.
Bf3 Qa5 41. Kg2 1-0

[Event "George Koltanowski Sunday Marathon"]
[Site "?"]
[Date "2007.11.04"]
[Round "3"]
[White "Marthinsen, Art"]
[Black "Morgan, Jerry"]
[Result "1-0"]
[WhiteElo "1920"]
[BlackElo "1473"]
[PlyCount "120"]
[EventDate "2007.10.28"]
[SourceDate "2007.10.22"]

1. c4 f5 2. Nf3 d6 3. d4 Nf6 4. Nc3 g6 5. g3 Bg7 6. Bg2 O-O 7. O-O Qe8 8. d5 a5
9. Re1 h6 10. Nd2 f4 11. gxf4 Ng4 12. Nf3 e5 13. fxe5 Nxe5 14. Nxe5 Qxe5 15. e4
Na6 16. Be3 Bd7 17. Qe2 Qe7 18. f4 Qh4 19. Rf1 Bg4 20. Qf2 Qe7 21. Qg3 Bh5 22.
Rae1 Nb4 23. Bd2 Nc2 24. Rc1 Nd4 25. Kh1 Kh7 26. Be3 Be2 27. Rg1 Bh5 28. Bf1
Nf3 29. Bg2 Nd4 30. Qf2 g5 31. Bxd4 Rxf4 32. Qe3 Raf8 33. Bxg7 Qxg7 34. Ne2 Rf2
35. Ng3 Bg6 36. Nf5 Qxb2 37. Rcf1 Re2 38. Qh3 h5 39. Qg3 Qd2 40. Rd1 Qf4 41.
Qxf4 gxf4 42. Nd4 Rxa2 43. Ra1 Rxa1 44. Rxa1 b6 45. Bf3 Re8 46. Ne6 Re7 47. Kg2
Kg8 48. Kf2 Kf7 49. Re1 Kf6 50. Nxf4 Re5 51. Nxg6 Kxg6 52. Rg1+ Rg5 53. Rxg5+
Kxg5 54. Bd1 h4 55. Ke3 h3 56. Kf3 Kf6 57. Kf4 Ke7 58. Kf5 Kf7 59. Bc2 Ke7 60.
Kg4 Ke8 1-0

[Event "George Koltanowski Sunday Marathon"]
[Site "?"]
[Date "2007.11.11"]
[Round "4"]
[White "Marthinsen, Art"]
[Black "Petty, David"]
[Result "1-0"]
[WhiteElo "1920"]
[BlackElo "1923"]
[Annotator ",Elizabeth"]
[PlyCount "97"]
[EventDate "2007.10.28"]
[SourceDate "2007.10.22"]

1. Nf3 d5 2. d4 Nf6 3. c4 Bf5 4. Nc3 e6 5. Bf4 Bb4 6. Qb3 Nc6 7. e3 O-O 8. cxd5
Nxd5 9. Bg3 Na5 10. Qa4 c6 11. Rc1 b5 12. Qd1 Nxc3 13. bxc3 Ba3 14. Be2 Bxc1
15. Qxc1 Qd5 16. Qb2 Nc4 17. Qb3 a5 18. O-O Nb6 19. Ne5 f6 20. c4 bxc4 21. Qxb6
fxe5 22. Bxe5 Bd3 23. Qb7 Qxe5 24. dxe5 Bxe2 25. Re1 Rad8 26. f4 Bg4 27. Qxc6
Rc8 28. Qa6 c3 29. h3 c2 30. hxg4 c1=Q 31. Qxe6+ Rf7 32. Rxc1 Rxc1+ 33. Kf2
Rcc7 34. Qd5 g6 35. Qxa5 Ra7 36. Qd5 Rad7 37. Qe4 Rd2+ 38. Kg3 Rxa2 39. e6 Re7
40. f5 gxf5 41. gxf5 Ra6 42. Qd5 Kg7 43. Qe5+ Kg8 44. Kf3 Rb6 45. g4 Ra6 46. g5
Rb6 47. Qd4 Rb8 48. Qd6 Rbe8 49. Kf4 {(Black resigned)} 1-0

[Event "Berkeley CC De Firmian FNM; 30/90, SD/30"]
[Site "Berkeley"]
[Date "2012.03.30"]
[Round "1.6"]
[White "Maser, Thomas F"]
[Black "Auyoung, Nathan"]
[Result "1-0"]
[WhiteElo "1930"]
[BlackElo "1435"]
[PlyCount "45"]
[EventDate "2012.??.??"]

1. e4 e5 2. Nf3 Nc6 3. Bb5 Nf6 4. d3 a6 5. Bxc6 dxc6 6. Nxe5 Bc5 7. O-O O-O 8.
c3 Re8 9. Nf3 Bg4 10. d4 Bb6 11. e5 Nd5 12. Nbd2 Nf4 13. Ne4 Ng6 14. h3 Qd5 15.
Neg5 Bf5 16. Re1 h6 17. g4 Bd7 18. Ne4 Be6 19. Bxh6 Qd7 20. Nfg5 Bd5 21. Qf3
gxh6 22. Nf6+ Kg7 23. Nh5+ 1-0

[Event "Purdy FNM; 30/90, SD/30"]
[Site "Berkeley"]
[Date "2010.01.08"]
[Round "1.6"]
[White "Maser, Thomas F"]
[Black "Cao, Joshua"]
[Result "1-0"]
[WhiteElo "1947"]
[BlackElo "1595"]
[PlyCount "39"]
[EventDate "2010.??.??"]
[SourceDate "2007.10.22"]

1. e4 c5 2. Nf3 Nc6 3. d4 cxd4 4. Nxd4 Nf6 5. Nc3 e5 6. Nxc6 bxc6 7. Be2 Bc5 8.
O-O h6 9. Qd3 Rb8 10. Qg3 Qe7 11. Qxg7 Rg8 12. Qxh6 Rg6 13. Qh8+ Rg8 14. Qh4 d5
15. Bg5 Rg6 16. Bh5 Rxg5 17. Qxg5 Nxh5 18. Qxh5 Qf6 19. exd5 Ba6 20. Ne4 1-0

[Event "Berkeley CC De Firmian FNM; 30/90, SD/30"]
[Site "Berkeley"]
[Date "2012.04.13"]
[Round "3.2"]
[White "Maser, Thomas F"]
[Black "Chamberlain, Ethan"]
[Result "1/2-1/2"]
[WhiteElo "1930"]
[BlackElo "1936"]
[PlyCount "71"]
[EventDate "2012.??.??"]

1. e4 c5 2. Nf3 g6 3. d4 cxd4 4. Nxd4 Nc6 5. Be3 Bg7 6. Nc3 Nf6 7. Be2 O-O 8.
O-O d5 9. exd5 Nxd5 10. Nxd5 Qxd5 11. Bf3 Qd7 12. Nxc6 bxc6 13. Qxd7 Bxd7 14.
Rad1 Bf5 15. c3 Rfc8 16. Bc5 Bf6 17. Rfe1 Rc7 18. Rd2 Rb8 19. Red1 Kg7 20. h3
Bg5 21. Re2 a5 22. b4 Bf6 23. bxa5 Bxc3 24. a6 Be6 25. a7 Ra8 26. Bb6 Rcxa7 27.
Bxa7 Rxa7 28. Rc1 Bd4 29. Rcc2 c5 30. Be4 Ra3 31. Red2 h5 32. Bd3 Bd5 33. Bc4
Be4 34. Rc1 Rg3 35. Bf1 Ra3 36. Bc4 1/2-1/2

[Event "Berkeley CC Ch2011 FNM; 30/90, SD/30"]
[Site "Berkeley"]
[Date "2011.11.25"]
[Round "4.3"]
[White "Maser, Thomas F"]
[Black "Gaffagan, Steven"]
[Result "0-1"]
[WhiteElo "1966"]
[BlackElo "2076"]
[PlyCount "48"]
[EventDate "2011.??.??"]
[SourceDate "2007.10.22"]

1. e4 c6 2. d4 d5 3. Nc3 dxe4 4. Nxe4 Bf5 5. Ng3 Bg6 6. Nf3 Nd7 7. Bd3 e6 8.
O-O Ngf6 9. c4 Bd6 10. a3 a5 11. Re1 Bxd3 12. Qxd3 O-O 13. Bd2 a4 14. b4 axb3
15. Reb1 c5 16. Rxb3 cxd4 17. Bb4 Bc5 18. Ne4 Nxe4 19. Qxe4 Qf6 20. Qxb7 Bxb4
21. Rxb4 Nc5 22. Qb6 Rac8 23. Rb5 d3 24. Rd1 Na4 0-1

[Event "Berkeley CC Christiansen FNM; 30/90, SD/"]
[Site "Berkeley"]
[Date "2012.06.01"]
[Round "4.3"]
[White "Maser, Thomas F"]
[Black "Kenny, Michael Joh"]
[Result "1-0"]
[WhiteElo "1952"]
[BlackElo "1771"]
[PlyCount "72"]
[EventDate "2012.??.??"]

1. e4 e6 2. d4 d5 3. Nd2 Nf6 4. e5 Nfd7 5. Bd3 c5 6. c3 Nc6 7. Ngf3 Qb6 8. O-O
cxd4 9. cxd4 Nxd4 10. Nxd4 Qxd4 11. Nf3 Qb6 12. Qc2 Bc5 13. Bf4 h6 14. Rac1 Be7
15. a3 O-O 16. Qd2 Nc5 17. Be3 Nb3 18. Qc3 d4 19. Nxd4 Nxc1 20. Qxc1 Bg5 21. f4
Bd8 22. Bb1 Qc7 23. Qd1 Bd7 24. Qd3 g6 25. Rf3 Bc6 26. Nxe6 fxe6 27. Qxg6+ Qg7
28. Qxe6+ Kh8 29. Rg3 Bg5 30. fxg5 Bb5 31. Rf3 Rxf3 32. gxf3 hxg5 33. Qh3+ Kg8
34. Ba2+ Kf8 35. Bc5+ Ke8 36. Qe6+ Kd8 1-0

[Event "Berkeley CC De Firmian FNM; 30/90, SD/30"]
[Site "Berkeley"]
[Date "2012.05.04"]
[Round "6.4"]
[White "Maser, Thomas F"]
[Black "Lesquillier, Walte"]
[Result "1-0"]
[WhiteElo "1930"]
[BlackElo "1746"]
[PlyCount "61"]
[EventDate "2012.??.??"]

1. e4 e5 2. Nf3 Nc6 3. Bb5 a6 4. Ba4 Nf6 5. d3 d6 6. c3 Bg4 7. O-O Be7 8. Re1
b5 9. Bc2 O-O 10. Nbd2 Qd7 11. Nf1 Bh5 12. Ng3 Bg6 13. Nh4 Qg4 14. Nxg6 hxg6
15. f3 Qd7 16. d4 Rfd8 17. f4 Qg4 18. f5 Qxd1 19. Rxd1 gxf5 20. Nxf5 Bf8 21.
Bg5 Ne7 22. Rf1 Nxf5 23. Rxf5 exd4 24. cxd4 Re8 25. Bxf6 gxf6 26. Raf1 Bg7 27.
R1f3 c6 28. Rg3 d5 29. Rxf6 dxe4 30. Bb3 Re7 31. Rfg6 1-0

[Event "Purdy FNM; 30/90, SD/30"]
[Site "Berkeley"]
[Date "2010.01.22"]
[Round "3.6"]
[White "Maser, Thomas F"]
[Black "Lesquillier, Walter"]
[Result "1-0"]
[WhiteElo "1947"]
[BlackElo "1704"]
[PlyCount "71"]
[EventDate "2010.??.??"]
[SourceDate "2007.10.22"]

1. e4 e5 2. Nf3 Nc6 3. Bb5 Bc5 4. d3 d6 5. c3 Nf6 6. Nbd2 O-O 7. Nf1 d5 8. Qe2
dxe4 9. dxe4 Qe7 10. Bxc6 bxc6 11. Ng3 a5 12. Nh4 g6 13. Bg5 Kg7 14. O-O h6 15.
Nhf5+ Bxf5 16. Bxf6+ Kxf6 17. exf5 Kg7 18. Qg4 Qg5 19. f6+ Kh7 20. Qxg5 hxg5
21. Ne4 Bd6 22. c4 c5 23. Nxg5+ Kg8 24. Rad1 Rfe8 25. Ne4 Ra6 26. Rd3 Re6 27.
Rfd1 Rc6 28. h4 Kf8 29. h5 Kg8 30. Rg3 Kf8 31. hxg6 fxg6 32. Rxg6 Ke8 33. Ng5
Bf8 34. f7+ Ke7 35. Rxe6+ Rxe6 36. Nxe6 1-0

[Event "Berkeley CC Ch2011 FNM; 30/90, SD/30"]
[Site "Berkeley"]
[Date "2011.11.11"]
[Round "2.7"]
[White "Maser, Thomas F"]
[Black "Lesquillier, Walter"]
[Result "1/2-1/2"]
[WhiteElo "1966"]
[BlackElo "1702"]
[PlyCount "43"]
[EventDate "2011.??.??"]
[SourceDate "2007.10.22"]

1. e4 c5 2. Nf3 e6 3. d4 cxd4 4. Nxd4 Nf6 5. Nc3 a6 6. Be2 Qc7 7. O-O d6 8. Be3
Be7 9. f4 e5 10. Nf3 Bg4 11. f5 Nbd7 12. h3 Bxf3 13. Bxf3 b5 14. g4 h6 15. Rc1
Nb6 16. Bxb6 Qxb6+ 17. Kg2 b4 18. Nd5 Nxd5 19. Qxd5 Rc8 20. Rf2 O-O 21. Rd1 Bg5
22. Qb3 {remainder illegible} 1/2-1/2

[Event "Berkeley CC Christiansen FNM; 30/90, SD/"]
[Site "Berkeley"]
[Date "2012.06.08"]
[Round "5.3"]
[White "Maser, Thomas F"]
[Black "Li Jr, William"]
[Result "1-0"]
[WhiteElo "1954"]
[BlackElo "1764"]
[PlyCount "61"]
[EventDate "2012.??.??"]

1. e4 c6 2. Ne2 d5 3. e5 Bg4 4. d4 e6 5. Be3 Qb6 6. b3 c5 7. Qd2 Nc6 8. c3 Rc8
9. dxc5 Bxc5 10. Bxc5 Qxc5 11. Qg5 Bxe2 12. Qxg7 Bxf1 13. Qxh8 Kf8 14. Kxf1
Qb5+ 15. c4 dxc4 16. Na3 Qd5 17. Qxh7 cxb3 18. axb3 Nxe5 19. Qh5 Rc3 20. Nc4
Nxc4 21. Qxd5 exd5 22. bxc4 Rxc4 23. Ke2 a6 24. Rhc1 Re4+ 25. Kd3 Ne7 26. Rcb1
Nc6 27. Rxb7 Ne5+ 28. Kd2 Rd4+ 29. Ke2 Re4+ 30. Kf1 d4 31. Re1 1-0

[Event "Berkeley CC Ch2011 FNM; 30/90, SD/30"]
[Site "Berkeley"]
[Date "2011.12.16"]
[Round "7"]
[White "Maser, Thomas F"]
[Black "Morcos, John"]
[Result "0-1"]
[WhiteElo "1966"]
[BlackElo "1853"]
[PlyCount "59"]
[EventDate "2011.??.??"]
[SourceDate "2007.10.22"]

1. e4 e5 2. Nf3 Nc6 3. Bb5 Nd4 4. Nxd4 exd4 5. d3 Nf6 6. O-O Be7 7. c3 c6 8.
Bc4 dxc3 9. bxc3 d6 10. Qe2 O-O 11. Bf4 Nd7 12. d4 Nb6 13. Bd3 Re8 14. Nd2 Bf6
15. Be3 Na4 16. Rac1 Be6 17. f4 g6 18. e5 Bg7 19. Ne4 dxe5 20. fxe5 Bf5 21.
Rxf5 gxf5 22. Nd6 Re6 23. Bxf5 Rxd6 24. exd6 Qxd6 25. Qh5 h6 26. Rf1 Nxc3 27.
Bc2 Qe6 28. Rf3 Ne2+ 29. Kf2 Nxd4 30. Bxd4 {remainder illegible} 0-1

[Event "Joseph Henry Blackburne FNM; 30/90, SD/"]
[Site "Berkeley"]
[Date "2009.03.20"]
[Round "2.8"]
[White "Maser, Thomas F"]
[Black "Rozenblatt, Daniel"]
[Result "1-0"]
[WhiteElo "1950"]
[BlackElo "1398"]
[PlyCount "73"]
[EventDate "2009.??.??"]
[SourceDate "2007.10.22"]

1. e4 c5 2. Nf3 d6 3. d4 cxd4 4. Nxd4 Nc6 5. c4 g6 6. Be2 Bg7 7. Be3 Nf6 8. Nc3
O-O 9. O-O a6 10. a3 Nd7 11. b4 Re8 12. Qd2 Qc7 13. Rac1 Nde5 14. Nd5 Qd8 15.
Nxc6 bxc6 16. Bb6 Qd7 17. Nc7 Rb8 18. Nxe8 Qxe8 19. Ba7 Rb7 20. Bd4 f6 21. Rfd1
Nf7 22. c5 Rd7 23. Qc3 Bb7 24. Bc4 d5 25. exd5 cxd5 26. Bb3 Bc6 27. f4 e5 28.
Re1 Qb8 29. fxe5 fxe5 30. Bf2 h5 31. Qd3 Kh7 32. Qxa6 Bb5 33. Qb6 Qxb6 34. cxb6
d4 35. Rc7 Rxc7 36. bxc7 Nd6 37. Bg3 1-0

[Event "Berkeley CC Capablanca FNM; 30/90, SD/3"]
[Site "Berkeley"]
[Date "2011.09.23"]
[Round "2.8"]
[White "Maser, Thomas"]
[Black "Stearman, Josiah P"]
[Result "1-0"]
[WhiteElo "1966"]
[BlackElo "1712"]
[PlyCount "74"]
[EventDate "2011.??.??"]
[SourceDate "2007.10.22"]

1. e4 c5 2. Nf3 Nc6 3. d4 cxd4 4. Nxd4 g6 5. Nc3 Bg7 6. Be3 Nf6 7. h3 O-O 8.
Bc4 Qc7 9. Bb3 a6 10. O-O Nh5 11. Re1 e6 12. Qd2 b5 13. Rad1 Bb7 14. Nxc6 Bxc6
15. Bc5 Rfc8 16. Bd6 Qb7 17. f3 a5 18. a3 Bf8 19. Ne2 Bxd6 20. Qxd6 a4 21. Ba2
Rc7 22. c3 Ra6 23. Qe7 Kg7 24. Nd4 Qb6 25. Kh2 Bb7 26. Nf5+ exf5 27. Qxf7+ Kh6
28. exf5 Qf6 29. fxg6 Qxg6 30. Qf8+ Qg7 31. Qxg7+ Nxg7 32. Re7 Bc8 33. Rd5 Rb6
34. g4 Ne6 35. h4 Bb7 36. Bb1 Ng7 37. Rh5+ Nxh5 1-0

[Event "Berkeley CC Capablanca FNM; 30/90, SD/3"]
[Site "Berkeley"]
[Date "2011.10.14"]
[Round "5.3"]
[White "Maser, Thomas"]
[Black "Watson, Farid Mark"]
[Result "0-1"]
[WhiteElo "1966"]
[BlackElo "2010"]
[PlyCount "66"]
[EventDate "2011.??.??"]
[SourceDate "2007.10.22"]

1. e4 g6 2. d4 Bg7 3. Nc3 d6 4. f4 c6 5. Nf3 Nf6 6. Bd3 a5 7. a4 Na6 8. O-O Nb4
9. Be3 Ng4 10. Qd2 O-O 11. Rae1 Qc7 12. Bc4 e6 13. Bb3 Bd7 14. Ne2 d5 15. e5
Na6 16. h3 Nxe3 17. Qxe3 c5 18. dxc5 Nxc5 19. Ned4 Nxa4 20. g4 Nc5 21. f5 Nxb3
22. cxb3 exf5 23. gxf5 Rfe8 24. f6 Bxf6 25. Qf4 Bg7 26. Ng5 Be6 27. Qh4 h6 28.
Ngxe6 fxe6 29. Qg3 Kh7 30. Rf2 Qb6 31. Qg4 Rf8 32. Rg2 g5 33. h4 Rf4 0-1

[Event "Berkeley CC Christiansen FNM; 30/90, SD/"]
[Site "Berkeley"]
[Date "2012.06.08"]
[Round "5.10"]
[White "Matsuda, Leo"]
[Black "Magganas, Alexande"]
[Result "1-0"]
[WhiteElo "1814"]
[BlackElo "1606"]
[PlyCount "57"]
[EventDate "2012.??.??"]

1. d4 Nf6 2. c4 g6 3. Nc3 d5 4. Nf3 Bg7 5. Bf4 O-O 6. cxd5 Nxd5 7. Nxd5 Qxd5 8.
Bxc7 Nc6 9. e3 Bg4 10. Be2 Rac8 11. Bg3 Nb4 12. O-O h5 13. h3 Bf5 14. a3 Bc2
15. Qd2 Na2 16. Ne1 Qb3 17. Bd3 Bxd3 18. Nxd3 Rc2 19. Qd1 Rfc8 20. Nc5 Qxb2 21.
Rb1 Qc3 22. Rb3 Rc1 23. Qxc1 Nxc1 24. Rxc3 Ne2+ 25. Kh2 Nxc3 26. Nxb7 Nb5 27.
a4 Nc3 28. Rc1 Nxa4 29. Rxc8+ 1-0

[Event "Berkeley CC Christiansen FNM; 30/90, SD/"]
[Site "Berkeley"]
[Date "2012.06.15"]
[Round "6.5"]
[White "Matsuda, Leo"]
[Black "Smail, John"]
[Result "0-1"]
[WhiteElo "1814"]
[BlackElo "1800"]
[PlyCount "132"]
[EventDate "2012.??.??"]

1. d4 Nf6 2. c4 e5 3. d5 Bc5 4. Nc3 O-O 5. Bg5 Bxf2+ 6. Kxf2 Ng4+ 7. Ke1 Qxg5
8. Nf3 Qe3 9. Qd3 Qxd3 10. exd3 d6 11. h3 Ne3 12. Kf2 Nxf1 13. Rhxf1 Na6 14. g4
f5 15. Kg3 Bd7 16. Rf2 Nc5 17. Rd1 e4 18. dxe4 fxe4 19. Ng5 e3 20. Re2 Rae8 21.
b4 Na4 22. Nxa4 Bxa4 23. Rde1 Re4 24. Ne6 Rf2 25. Rxf2 exf2 26. Kxf2 Rxe1 27.
Kxe1 c6 28. Nd4 cxd5 29. cxd5 Bd7 30. Kf2 Kf7 31. Kf3 Kf6 32. Ke4 g6 33. Nb3 b6
34. Nd4 Ba4 35. Nc6 a6 36. Nd8 Bc2+ 37. Kd4 Bb1 38. a3 h5 39. g5+ Ke7 40. Nc6+
Ke8 41. Nb8 a5 42. bxa5 bxa5 43. Nc6 a4 44. h4 Kd7 45. Na7 Ba2 46. Nb5 Bb3 47.
Nc3 Kc7 48. Ne2 Bc2 49. Kc3 Be4 50. Nf4 Kb6 51. Kb4 Bc2 52. Ne2 Bb3 53. Nd4
Bxd5 54. Nb5 Kc6 55. Nd4+ Kb6 56. Kxa4 Kc5 57. Nb3+ Kc4 58. Nc1 Bc6+ 59. Ka5 d5
60. Kb6 Ba4 61. Kc7 d4 62. Kd6 d3 63. Nxd3 Kxd3 64. Ke5 Kc3 65. Kf6 Bc2 66. a4
Kb4 0-1